| 000 | 00538nam a2200169 i 4500 | ||
|---|---|---|---|
| 001 | 59748 | ||
| 003 | ES-MaACL | ||
| 005 | 20230906164107.0 | ||
| 007 | t| | ||
| 008 | 031030s1933 gw ||||1| ger d | ||
| 100 | 1 |
_aEngel, Gt. _947212 |
|
| 245 | 1 | 0 |
_aHandbuch der röntgendiagnostik und therapie in kindesalter unter mitwirkung von fachgenossen / _cherausgegeben von Gt. Engel und L. Schall. |
| 260 |
_aLeipzig : _bGeorg Thieme, _c1933. |
||
| 300 |
_aXI, 720 p. ; _c26 cm. |
||
| 700 | 1 |
_aSchall, L. _9104218 |
|
| 852 |
_aES-MaACL _jE-1274 |
||
| 999 |
_c59748 _d59748 |
||